=LDR 00000nam 2200000 4500 =001 NUTBA000000000003197 =005 20140806151616.0 =006 =007 =008 =020 ##$$a 602-8520-37-3 =035 ##$$a 0010-081400000000041 =040 ##$$a NBPDMAT =082 ##$$a 512.5 =090 ##$$a 512.5 $b Fac p =100 ##$$a Fachrie Al-Jupri =245 ##$$a Pohon faktor / Fachri Al-Jupri =260 ##$$a Jakarta : $b Ghema Walatan $c 2010 =300 ##$$a 44 hlm. : $b ilus. ; $c 23 cm. =650 ##$$a Matematika-Faktor =990 ##$$a 21404417